LEADER 00897nam a22002651i 4500 001 991003516059707536 005 20030829161415.0 008 031111s1970 fr |||||||||||||||||fre 035 $ab12437505-39ule_inst 035 $aARCHE-047079$9ExL 040 $aDip.to Lingue$bita$cA.t.i. Arché s.c.r.l. Pandora Sicilia s.r.l. 082 04$a335.4 100 1 $aBenoist, Jean Marie$0153582 245 10$aMarx est mort /$cJean-Marie Benoist 260 $a[Paris] :$bGallimard,$cc1970 300 $a251 p. ;$c17 cm 440 0$aIdées 650 4$aContestazione$zFrancia$y1968 650 4$aMarxismo 907 $a.b12437505$b02-04-14$c13-11-03 912 $a991003516059707536 945 $aLE012 F 257$g1$i2012000091306$lle012$o-$pE0.00$q-$rl$s- $t0$u0$v0$w0$x0$y.i12863385$z13-11-03 996 $aMarx est mort$9165857 997 $aUNISALENTO 998 $ale012$b13-11-03$cm$da $e-$ffre$gfr $h0$i1 LEADER 03190nam 2200601 450 001 9910136602203321 005 20191118111955.0 010 $a1-350-98696-8 010 $a1-78672-111-2 024 7 $a10.5040/9781350986961 035 $a(CKB)3710000000907841 035 $a(MiAaPQ)EBC4717261 035 $a(OCoLC)1128165509 035 $a(CaBNVSL)9781350986961 035 $a(CaBNVSL)mat50986961 035 $a(EXLCZ)993710000000907841 100 $a20191118d2019 uy 0 101 0 $aeng 135 $aurcn||||||||| 181 $2rdacontent 182 $2rdamedia 183 $2rdacarrier 200 10$aJournalism in an age of terror $ecovering and uncovering the secret state /$fJohn Lloyd 205 $aFirst edition. 210 1$aLondon, England :$cI.B. Tauris,$d2019. 210 2$a[London, England] :$cBloomsbury Publishing,$d2019. 215 $a1 online resource (x, 252 pages) 225 1 $aReuters Institute for the Study of Journalism series 300 $a"Published by I.B. Tauris & Co. Ltd in association with the Reuters Institute for the Study of Journalism, University of Oxford." 311 $a1-78453-790-X 320 $aIncludes bibliographical references (pages 227-244) and index. 327 $aPreface : Divided by a common commitment to democracy -- Fictions before facts -- Losing and finding the plot -- Down with the state and its servile hacks! -- The breaking of freedom's back? -- Le jour de guerre est arrive? -- Conclusion : More light to lighten the darkness. 330 $a"The threat of terrorism and the increasing power of terrorist groups has prompted a rapid growth of the security services and changes in legislation, permitting the collection of communications data. This provides journalism with acute dilemmas. The media claims responsibility for holding power to account, yet cannot know more than superficial details about the newly empowered secret services. This book is the first to analyze, in the aftermath of the Snowden/NSA revelations, relations between two key institutions in the modern state: the intelligence services and the news media. It provides the answers to crucial questions including: how can power be held to account if one of the greatest state powers is secret? How far have the Snowden/NSA revelations damaged the activities of the secret services? And have governments lost all trust from journalists and the public?"--P. [4] of cover. 410 0$aReuters Institute for the Study of Journalism series. 606 $aGovernment and the press 606 $aIntelligence service$xPress coverage 606 $aJournalism 606 $aOfficial secrets 606 $2Journalistic style guides 615 0$aGovernment and the press. 615 0$aIntelligence service$xPress coverage. 615 0$aJournalism. 615 0$aOfficial secrets. 676 $a070.4/4932712 700 $aLloyd$b John$f1946-$01100748 712 02$aReuters Institute for the Study of Journalism, 801 0$bYDX 801 1$bCaBNVSL 801 2$bCaBNVSL 906 $aBOOK 912 $a9910136602203321 996 $aJournalism in an age of terror$92988167 997 $aUNINA LEADER 02742oas 2200757 a 450 001 9910708126103321 005 20250625091005.0 035 $a(OCoLC)679309017 035 $a(CONSER) 2013230050 035 $a(CKB)5490000000472232 035 $a(EXLCZ)995490000000472232 100 $a20101107b17911890 ua a 101 0 $aeng 135 $aurbn||||||abp 135 $aurbn||||||ada 181 $ctxt$2rdacontent 182 $cc$2rdamedia 183 $acr$2rdacarrier 200 13$aAn account of the receipts and expenditures of the United States, for the year .. 210 $a[Washington, D.C.] $c[Treasury Dept.] 215 $a1 online resource (volumes) 300 $a"Commencing with the establishment (1789) of the Treasury Department"--Vol. for 1791. 300 $a"Published by order of the House of Representatives"--Vol. for <1793->. 300 $aPublication pre-dates item numbers. No item number has been assigned. 300 $aThis retrospectively digitized content, provided by the U.S. Dept. of the Treasury, was ingested into GPO's online repository, FDsys, authenticated, digitally preserved, and will be made available to the public on or about March 4, 2013. This online collection represents the entirety of the content provided by the Treasury Library. 517 3 $aReceipts and expenditures of the United States 517 1 $aAccount of the receipts and expenditures of the United States, for the fiscal year ending ... 606 $aExpenditures, Public$vPeriodicals 606 $aFinance$zUnited States$vPeriodicals 606 $aExpenditures, Public$2fast$3(OCoLC)fst00918345 606 $aFinance$2fast$3(OCoLC)fst00924349 607 $aUnited States$xAppropriations and expenditures$vPeriodicals 607 $aUnited States$2fast$1https://id.oclc.org/worldcat/entity/E39PBJtxgQXMWqmjMjjwXRHgrq 608 $aPeriodicals.$2fast 608 $aPeriodicals.$2lcgft 615 0$aExpenditures, Public 615 0$aFinance 615 7$aExpenditures, Public. 615 7$aFinance. 676 $a336.73 712 02$aUnited States.$bCongress.$bHouse. 801 0$bOCLCE 801 1$bOCLCE 801 2$bOCLCQ 801 2$bGPO 801 2$bOCLCA 801 2$bGPO 801 2$bOCLCQ 801 2$bRBN 801 2$bOCLCA 801 2$bGPO 801 2$bOCLCA 801 2$bDLC 801 2$bOCLCF 801 2$bOCLCO 801 2$bOCLCQ 801 2$bOCLCA 801 2$bGILDS 801 2$bOCLCQ 801 2$bOCLCL 801 2$bDOS 801 2$bOCLCL 906 $aJOURNAL 912 $a9910708126103321 996 $aAn account of the receipts and expenditures of the United States, for the year .$93536295 997 $aUNINA